[Event "Brno Duras op"]
[Site "Brno"]
[Date "2016.06.29"]
[Round "5"]
[White "Misorin, Vladimir"]
[Black "Sipek, Michal"]
[Result "0-1"]
[WhiteElo "1631"]
[BlackElo "1982"]
[PlyCount "66"]
[EventDate "2016.06.25"]
[EventType "swiss"]
[EventRounds "9"]
[EventCountry "CZE"]
[SourceTitle "CBM 173 Extra"]
[Source "ChessBase"]
[SourceDate "2016.08.29"]
[SourceVersion "1"]
[SourceVersionDate "2016.08.29"]
[SourceQuality "1"]

1. d4 d6 2. c4 Nf6 3. Nc3 g6 4. e4 Bg7 5. Be2 c5 6. Nf3 0-0 7. 0-0 Bg4 8. dxc5 dxc5 9. Qxd8 Rxd8 10. Be3 Na6 11. Rfd1 Ne8 12. e5 Nec7 13. Bf4 Ne6 14. Bg3 Nb4 15. Nd5 Nc6 16. Rac1 Kf8 17. Re1 Rd7 18. h3 Bf5 19. Nc3 Be4 20. Rcd1 Rad8 21. Rxd7 Rxd7 22. Rd1 Ncd4 23. Nxd4 Nxd4 24. Bf1 Bh6 25. f4 Bc6 26. Bh2 e6 27. Kf2 Bg7 28. g4 f6 29. exf6 Bxf6 30. Bg3 g5 31. Bg2 gxf4 32. Bxf4 Bh4+ 33. Bg3 Rf7+ 0-1